[Event "Small Nations"]
[Site "?"]
[Date "2015.04.21"]
[Round "4.6"]
[White "Butnorius, Algimantas"]
[Black "Rodgaard, John"]
[Result "1/2-1/2"]
[BlackElo "2340"]
[WhiteElo "2379"]
[LiveChessVersion "1.4.5"]

1. c4 {[%clk 1:30:56]} c6 {[%clk 1:28:34]} 2. e4 {[%clk 1:30:49]} d5
{[%clk 1:27:58]} 3. exd5 {[%clk 1:31:01]} cxd5 {[%clk 1:28:14]} 4. d4
{[%clk 1:31:16]} Nf6 {[%clk 1:26:07]} 5. Nc3 {[%clk 1:31:25]} e6 {[%clk 1:06:35]}
6. Nf3 {[%clk 1:28:02]} Bb4 {[%clk 0:51:28]} 7. Bd3 {[%clk 0:49:33]} dxc4
{[%clk 0:48:00]} 8. Bxc4 {[%clk 0:48:53]} O-O {[%clk 0:46:15]} 9. O-O
{[%clk 0:48:51]} Nc6 {[%clk 0:39:08]} 10. a3 {[%clk 0:46:52]} Be7
{[%clk 0:31:04]} 11. Qd3 {[%clk 0:44:57]} b6 {[%clk 0:25:17]} 12. Bg5
{[%clk 0:27:37]} Bb7 {[%clk 0:23:39]} 13. Rad1 {[%clk 0:27:07]} Nd5
{[%clk 0:15:09]} 14. Bc1 {[%clk 0:22:24]} Nxc3 {[%clk 0:14:04]} 15. bxc3
{[%clk 0:22:17]} Qc7 {[%clk 0:10:29]} 16. Ba2 {[%clk 0:22:10]} Rfc8
{[%clk 0:09:08]} 17. Ng5 {[%clk 0:12:15]} Bxg5 {[%clk 0:08:38]} 18. Bxg5
{[%clk 0:12:40]} Ne7 {[%clk 0:08:36]} 19. c4 {[%clk 0:12:11]} Ng6
{[%clk 0:07:00]} 20. d5 {[%clk 0:07:07]} h6 {[%clk 0:06:14]} 21. Bc1
{[%clk 0:06:11]} exd5 {[%clk 0:03:27]} 22. cxd5 {[%clk 0:06:27]} Qc2
{[%clk 0:02:24]} 23. Qxc2 {[%clk 0:05:33]} Rxc2 {[%clk 0:02:52]} 24. Bb1
{[%clk 0:05:39]} Rc4 {[%clk 0:02:03]} 25. f3 {[%clk 0:02:34]} Nf4
{[%clk 0:01:20]} 26. Bxf4 {[%clk 0:02:29]} Rxf4 {[%clk 0:01:46]} 27. Rfe1
{[%clk 0:02:46]} Rd8 {[%clk 0:01:09]} 28. Re7 {[%clk 0:02:39]} Ba8
{[%clk 0:00:57]} 29. Rxa7 {[%clk 0:02:22]} Kf8 {[%clk 0:01:05]} 30. Be4
{[%clk 0:02:19]} Rf6 {[%clk 0:01:16]} 31. Rc1 {[%clk 0:02:29]} g6
{[%clk 0:01:17]} 32. Ra4 {[%clk 0:00:55]} Rfd6 {[%clk 0:01:26]} 33. Rb4
{[%clk 0:00:52]} f5 {[%clk 0:01:44]} 34. Bd3 {[%clk 0:01:09]} Bxd5
{[%clk 0:01:58]} 35. Bf1 {[%clk 0:01:23]} Bf7 {[%clk 0:01:40]} 36. Rcb1
{[%clk 0:01:31]} Ra8 {[%clk 0:01:35]} 37. a4 {[%clk 0:01:35]} Be8
{[%clk 0:01:48]} 38. Ra1 {[%clk 0:01:25]} Ra5 {[%clk 0:01:43]} 39. h4
{[%clk 0:01:42]} Bd7 {[%clk 0:01:20]} 40. Rab1 {[%clk 0:01:21]} Rxa4
{[%clk 0:00:57]} 41. Rxb6 {[%clk 0:01:47]} Rad4 {[%clk 0:21:11]} 42. Rxd6
{[%clk 0:29:29]} Rxd6 {[%clk 0:21:38]} 43. Rb7 {[%clk 0:29:50]} Be8
{[%clk 0:20:23]} 44. Ra7 {[%clk 0:25:27]} Bf7 {[%clk 0:19:58]} 45. Kf2
{[%clk 0:25:00]} Rd4 {[%clk 0:19:41]} 1/2-1/2

[Event "Small Nations"]
[Site "?"]
[Date "2015.04.21"]
[Round "4.7"]
[White "Poulsen, Martin"]
[Black "Nelis, Jean-Francois"]
[Result "1-0"]
[WhiteElo "2252"]
[BlackElo "2146"]
[PlyCount "167"]
[EventDate "2015.??.??"]
[TimeControl "6000+1715"]
[WhiteClock "0:02:19"]
[BlackClock "0:04:21"]

1. b3 d5 2. Bb2 Bg4 3. h3 Bh5 4. Nf3 Bxf3 5. gxf3 e6 6. e3 Nd7 7. f4 c6 8. Rg1
Ndf6 9. Bd3 g6 10. Qe2 Nh6 11. c4 a6 12. cxd5 cxd5 13. Bb5+ axb5 14. Qxb5+ Qd7
15. Qxd7+ Nxd7 16. Bxh8 f6 17. Nc3 Bd6 18. Nb5 Ke7 19. Nxd6 Kxd6 20. Bxf6 Nxf6
21. a4 Kc5 22. b4+ Kxb4 23. Rb1+ Kc5 24. Ke2 Ra7 25. Rgc1+ Kd6 26. Rb6+ Kd7 27.
Rcb1 Kc7 28. Rxe6 Nhg8 29. Reb6 Ne8 30. R6b4 Ne7 31. a5 Nc6 32. Rb5 Nf6 33. Rc1
Kd6 34. a6 Rxa6 35. Rxb7 Nd7 36. Rcb1 Ra2 37. R7b2 Ra8 38. Rc2 Ra7 39. Rbc1 Ra6
40. Rb1 Ra7 41. Rbc1 Ra6 42. Rg1 Ne7 43. Rb2 Ra7 44. Rc1 Nc6 45. Rbb1 Ra8 46.
Ra1 Rf8 47. Ra6 Ndb8 48. Rb6 Rc8 49. Ra1 Nd7 50. Rb7 Rf8 51. Ra6 Nc5 52. Rxc6+
Kxc6 53. Rxh7 Kd6 54. Rh6 Rf6 55. f5 Rxf5 56. Rxg6+ Ne6 57. Rh6 Ke7 58. f4 Rf8
59. Rh7+ Kf6 60. h4 d4 61. Kf3 Kg6 62. Rd7 Kh5 63. Rh7+ Kg6 64. Rd7 Kh5 65. Re7
Rf6 66. Ke4 dxe3 67. dxe3 Nf8 68. f5 Kxh4 69. Ke5 Ra6 70. Rf7 Ra8 71. Kf6 Kg4
72. e4 Kf4 73. e5 Ra5 74. Rxf8 Rxe5 75. Kg6 Ra5 76. f6 Rg5+ 77. Kf7 Rf5 78. Re8
Kg5 79. Rg8+ Kf4 80. Rg6 Ra5 81. Kg7 Kf5 82. f7 Ra7 83. Rg1 Ke6 84. Kg8 1-0

[Event "Small Nations"]
[Site "?"]
[Date "2015.04.21"]
[Round "4.8"]
[White "Ribbegren, Karl Johan"]
[Black "Andreasen, Joan Hendrik"]
[Result "1-0"]
[BlackElo "2227"]
[WhiteElo "2244"]
[LiveChessVersion "1.4.5"]

1. c4 {[%clk 1:30:57]} e5 {[%clk 1:30:36]} 2. g3 {[%clk 1:30:31]} Nc6
{[%clk 1:30:52]} 3. Bg2 {[%clk 1:30:23]} g6 {[%clk 1:30:45]} 4. Nc3
{[%clk 1:29:24]} Bg7 {[%clk 1:31:01]} 5. Rb1 {[%clk 1:28:37]} a5 {[%clk 1:30:41]}
6. a3 {[%clk 1:27:59]} Nge7 {[%clk 1:29:08]} 7. b4 {[%clk 1:27:04]} axb4
{[%clk 1:29:27]} 8. axb4 {[%clk 1:27:22]} O-O {[%clk 1:29:30]} 9. e3
{[%clk 1:25:05]} d6 {[%clk 1:26:44]} 10. Nge2 {[%clk 1:24:45]} Be6
{[%clk 1:25:47]} 11. Nd5 {[%clk 1:23:48]} f5 {[%clk 1:18:37]} 12. d3
{[%clk 1:23:16]} Bxd5 {[%clk 1:09:57]} 13. cxd5 {[%clk 1:22:58]} Na7
{[%clk 1:09:47]} 14. O-O {[%clk 1:22:06]} Qd7 {[%clk 1:08:36]} 15. b5
{[%clk 1:11:54]} Nac8 {[%clk 1:03:58]} 16. Qb3 {[%clk 1:11:18]} Nb6
{[%clk 1:03:42]} 17. Bd2 {[%clk 1:08:38]} h6 {[%clk 0:54:54]} 18. Rfc1
{[%clk 1:02:15]} Kh7 {[%clk 0:54:38]} 19. Rc2 {[%clk 1:02:16]} Rfc8
{[%clk 0:53:25]} 20. f4 {[%clk 0:59:34]} Ng8 {[%clk 0:49:45]} 21. e4
{[%clk 0:58:41]} fxe4 {[%clk 0:45:52]} 22. dxe4 {[%clk 0:58:19]} Na4
{[%clk 0:44:49]} 23. h4 {[%clk 0:54:21]} Nc5 {[%clk 0:44:17]} 24. Qf3
{[%clk 0:54:17]} b6 {[%clk 0:40:23]} 25. Kh2 {[%clk 0:44:15]} Rf8
{[%clk 0:37:02]} 26. Bh3 {[%clk 0:43:36]} Qe8 {[%clk 0:35:44]} 27. f5
{[%clk 0:43:16]} Ne7 {[%clk 0:35:42]} 28. g4 {[%clk 0:42:55]} gxf5
{[%clk 0:35:11]} 29. gxf5 {[%clk 0:37:55]} Ng8 {[%clk 0:33:24]} 30. Bg4
{[%clk 0:34:16]} Nf6 {[%clk 0:33:09]} 31. Ng3 {[%clk 0:34:14]} Rg8
{[%clk 0:30:32]} 32. Bh5 {[%clk 0:33:25]} Nxh5 {[%clk 0:29:22]} 33. Nxh5
{[%clk 0:32:00]} Bh8 {[%clk 0:27:20]} 34. Rg1 {[%clk 0:25:37]} Qf7
{[%clk 0:26:08]} 35. Be3 {[%clk 0:24:32]} Bf6 {[%clk 0:21:52]} 36. Rg6
{[%clk 0:24:11]} Bg5 {[%clk 0:16:13]} 37. Rxg8 {[%clk 0:18:32]} Rxg8
{[%clk 0:16:09]} 38. hxg5 {[%clk 0:18:21]} hxg5 {[%clk 0:16:33]} 39. Ng3
{[%clk 0:17:57]} g4 {[%clk 0:16:50]} 40. Qh1 {[%clk 0:16:33]} Rh8
{[%clk 0:16:50]} 41. Kg1+ {[%clk 0:16:29]} Kg7 {[%clk 0:16:52]} 42. Rh2
{[%clk 0:16:39]} 1-0

[Event "Small Nations"]
[Site "?"]
[Date "2015.04.21"]
[Round "4.9"]
[White "De La Riva Aguado, Oscar"]
[Black "Jouault, Louis"]
[Result "1-0"]
[BlackElo "1908"]
[WhiteElo "2507"]
[LiveChessVersion "1.4.5"]

1. e4 {[%clk 1:30:54]} d5 {[%clk 1:30:54]} 2. exd5 {[%clk 1:31:12]} Nf6
{[%clk 1:31:19]} 3. d4 {[%clk 1:30:45]} Nxd5 {[%clk 1:31:41]} 4. Nf3
{[%clk 1:29:11]} g6 {[%clk 1:31:53]} 5. Be2 {[%clk 1:28:47]} Bg7 {[%clk 1:31:52]}
6. O-O {[%clk 1:29:11]} O-O {[%clk 1:32:16]} 7. Re1 {[%clk 1:29:35]} Bg4
{[%clk 1:29:40]} 8. h3 {[%clk 1:27:20]} Bxf3 {[%clk 1:27:06]} 9. Bxf3
{[%clk 1:27:40]} c6 {[%clk 1:27:09]} 10. c3 {[%clk 1:18:52]} e6 {[%clk 1:24:58]}
11. Nd2 {[%clk 1:16:54]} Nd7 {[%clk 1:19:25]} 12. Nf1 {[%clk 0:56:05]} N7b6
{[%clk 1:16:40]} 13. Qb3 {[%clk 0:52:20]} Qc7 {[%clk 1:08:19]} 14. Bd2
{[%clk 0:49:15]} a5 {[%clk 1:00:47]} 15. a4 {[%clk 0:48:50]} Nd7 {[%clk 0:57:36]}
16. Rad1 {[%clk 0:48:06]} Rab8 {[%clk 0:55:40]} 17. g3 {[%clk 0:38:07]} Qb6
{[%clk 0:51:17]} 18. Qc2 {[%clk 0:38:00]} Rbc8 {[%clk 0:49:54]} 19. Ne3
{[%clk 0:37:37]} Nxe3 {[%clk 0:47:11]} 20. Bxe3 {[%clk 0:37:57]} Qc7
{[%clk 0:46:27]} 21. h4 {[%clk 0:37:42]} h5 {[%clk 0:43:08]} 22. Bg2
{[%clk 0:30:36]} Nf6 {[%clk 0:42:09]} 23. Bf4 {[%clk 0:26:43]} Qd8
{[%clk 0:37:29]} 24. Qb3 {[%clk 0:25:39]} Qd7 {[%clk 0:35:50]} 25. Qb6
{[%clk 0:22:27]} Nd5 {[%clk 0:34:43]} 26. Bxd5 {[%clk 0:15:01]} cxd5
{[%clk 0:34:54]} 27. Qxa5 {[%clk 0:14:49]} Ra8 {[%clk 0:35:02]} 28. Qb5
{[%clk 0:15:15]} Qxb5 {[%clk 0:34:18]} 29. axb5 {[%clk 0:15:39]} Ra5
{[%clk 0:34:23]} 30. b6 {[%clk 0:16:06]} Rb5 {[%clk 0:33:05]} 31. Bc7
{[%clk 0:16:31]} Rxb2 {[%clk 0:22:53]} 32. Ra1 {[%clk 0:16:50]} Rb3
{[%clk 0:20:49]} 33. Re3 {[%clk 0:16:32]} Bh6 {[%clk 0:18:33]} 34. Rd3
{[%clk 0:16:57]} g5 {[%clk 0:12:10]} 35. Ra7 {[%clk 0:15:42]} gxh4
{[%clk 0:12:22]} 36. gxh4 {[%clk 0:16:05]} f5 {[%clk 0:03:46]} 37. Rxb7
{[%clk 0:10:53]} f4 {[%clk 0:04:05]} 38. Kg2 {[%clk 0:10:53]} Rf7
{[%clk 0:01:36]} 39. Ra7 {[%clk 0:10:23]} Bf8 {[%clk 0:00:32]} 40. Kf3
{[%clk 0:08:35]} Kh7 {[%clk 0:00:35]} 41. Bxf4 {[%clk 0:04:22]} Rxa7
{[%clk 0:00:39]} 42. bxa7 {[%clk 0:04:46]} Ra3 {[%clk 0:01:03]} 43. Bb8
{[%clk 0:05:11]} Bb4 {[%clk 0:01:02]} 44. cxb4 {[%clk 0:03:47]} Rxd3+
{[%clk 0:01:22]} 45. Ke2 {[%clk 0:04:14]} Ra3 {[%clk 0:01:34]} 46. b5
{[%clk 0:04:41]} Ra2+ {[%clk 0:00:59]} 47. Kf3 {[%clk 0:04:07]} e5
{[%clk 0:30:22]} 48. dxe5 {[%clk 0:33:51]} Ra3+ {[%clk 0:29:35]} 49. Kf4
{[%clk 0:33:48]} d4 {[%clk 0:29:40]} 50. b6 {[%clk 0:34:07]} d3 {[%clk 0:29:25]}
51. Ke3 {[%clk 0:34:32]} 1-0

[Event "Small Nations"]
[Site "?"]
[Date "2015.04.21"]
[Round "4.10"]
[White "Mooney, Graham"]
[Black "Garcia Paolicchi, Raul"]
[Result "1/2-1/2"]
[WhiteElo "1870"]
[BlackElo "2146"]
[PlyCount "180"]
[EventDate "2015.??.??"]
[TimeControl "6000+865"]
[WhiteClock "0:16:31"]
[BlackClock "0:10:55"]

1. e4 c5 2. Nf3 e6 3. d4 cxd4 4. Nxd4 a6 5. Nc3 Qc7 6. Bd3 Nf6 7. O-O Bc5 8.
Nf3 d6 9. Qe2 Nbd7 10. Bf4 Ne5 11. Nxe5 dxe5 12. Be3 Bd7 13. Rae1 O-O 14. Kh1
Rad8 15. Bg5 Be7 16. f4 Kh8 17. fxe5 Qxe5 18. Bf4 Qh5 19. e5 Qxe2 20. Bxe2 Nd5
21. Nxd5 exd5 22. Bd3 Be6 23. Bg3 Kg8 24. Kg1 Rfe8 25. Bf5 Rc8 26. Bxe6 fxe6
27. Re2 Rc6 28. c3 b5 29. h3 a5 30. Kh2 b4 31. cxb4 axb4 32. Bf4 Ra8 33. Ref2
Rf8 34. Be3 Rxf2 35. Rxf2 Ra6 36. b3 Rc6 37. Rf1 Rc3 38. Bb6 Bh4 39. Rf3 Rc2
40. Ba5 Be7 41. Rf4 Rxa2 42. Bxb4 Bxb4 43. Rxb4 Re2 44. Rb7 Rxe5 45. Kg3 d4 46.
b4 d3 47. Rd7 Rb5 48. Rxd3 Rxb4 49. Rd7 Re4 50. Kf3 Re1 51. h4 Kf8 52. g4 Rf1+
53. Ke4 Rf7 54. Rd2 Ra7 55. Rb2 Ke7 56. Rb4 h6 57. Ke5 Ra5+ 58. Ke4 Kf6 59. Kf4
g5+ 60. hxg5+ hxg5+ 61. Ke4 Ra3 62. Rb8 Ra4+ 63. Kf3 Rd4 64. Rb5 Rd5 65. Rb3
Ke5 66. Re3+ Kd6 67. Ra3 Rb5 68. Rd3+ Ke5 69. Re3+ Kf6 70. Ra3 Rb1 71. Ra5 Rb3+
72. Kf2 Rd3 73. Rb5 Rd5 74. Rb3 Rd4 75. Kf3 Ke5 76. Rb5+ Rd5 77. Rb3 Kd4 78.
Rb1 Rc5 79. Rd1+ Ke5 80. Re1+ Kf6 81. Re3 Rc4 82. Ra3 Rf4+ 83. Kg3 Rf1 84. Ra5
Rg1+ 85. Kf3 Rh1 86. Kg2 Rd1 87. Kf3 Rd3+ 88. Kf2 Rd5 89. Ra3 Ke5 90. Kf3 Rc5
1/2-1/2

[Event "Small Nations"]
[Site "?"]
[Date "2015.04.21"]
[Round "4.11"]
[White "Jose Queralto, Daniel"]
[Black "Hawes, Jonathan"]
[Result "1-0"]
[BlackElo "2158"]
[WhiteElo "2154"]
[LiveChessVersion "1.4.5"]

1. e4 {[%clk 1:30:57]} e6 {[%clk 1:30:57]} 2. d4 {[%clk 1:31:23]} d5
{[%clk 1:31:24]} 3. Bd3 {[%clk 1:31:49]} dxe4 {[%clk 1:31:43]} 4. Bxe4
{[%clk 1:32:17]} Nf6 {[%clk 1:32:11]} 5. Bf3 {[%clk 1:32:40]} Be7
{[%clk 1:32:35]} 6. Ne2 {[%clk 1:32:04]} Nbd7 {[%clk 1:33:00]} 7. O-O
{[%clk 1:30:11]} O-O {[%clk 1:32:29]} 8. c4 {[%clk 1:23:07]} e5 {[%clk 1:24:50]}
9. Nbc3 {[%clk 1:23:26]} a6 {[%clk 1:15:21]} 10. Re1 {[%clk 1:17:00]} c6
{[%clk 1:03:39]} 11. Ng3 {[%clk 1:09:10]} exd4 {[%clk 1:00:59]} 12. Qxd4
{[%clk 1:05:51]} Nc5 {[%clk 1:00:35]} 13. Be3 {[%clk 0:48:05]} Qxd4
{[%clk 0:50:51]} 14. Bxd4 {[%clk 0:48:29]} Ne6 {[%clk 0:47:44]} 15. Be3
{[%clk 0:47:50]} Nd7 {[%clk 0:39:36]} 16. Nf5 {[%clk 0:40:51]} Bb4
{[%clk 0:36:50]} 17. Rac1 {[%clk 0:36:53]} Ne5 {[%clk 0:34:10]} 18. Be2
{[%clk 0:36:53]} Nc5 {[%clk 0:26:08]} 19. Ne7+ {[%clk 0:32:52]} Kh8
{[%clk 0:26:22]} 20. Nxc8 {[%clk 0:32:56]} Raxc8 {[%clk 0:21:47]} 21. a3
{[%clk 0:32:55]} Bxc3 {[%clk 0:21:30]} 22. Rxc3 {[%clk 0:33:14]} Ne4
{[%clk 0:20:24]} 23. Rcc1 {[%clk 0:32:02]} b5 {[%clk 0:14:29]} 24. Bd4
{[%clk 0:28:22]} f6 {[%clk 0:12:30]} 25. Bxe5 {[%clk 0:24:34]} fxe5
{[%clk 0:12:41]} 26. Bg4 {[%clk 0:24:37]} 1-0

[Event "Small Nations"]
[Site "?"]
[Date "2015.04.21"]
[Round "4.12"]
[White "Forbes, Garry"]
[Black "Mateu Guiu, Esteve"]
[Result "0-1"]
[BlackElo "2034"]
[WhiteElo "1908"]
[LiveChessVersion "1.4.5"]

1. d4 {[%clk 1:30:58]} Nf6 {[%clk 1:30:52]} 2. Nf3 {[%clk 1:31:24]} g6
{[%clk 1:31:05]} 3. Nc3 {[%clk 1:31:50]} d5 {[%clk 1:28:56]} 4. Bf4
{[%clk 1:32:09]} Bg7 5. Qd2 {[%clk 1:31:47]} c6 {[%clk 1:23:46]} 6. e3
{[%clk 1:27:34]} Nbd7 {[%clk 1:19:38]} 7. h3 {[%clk 1:19:53]} O-O
{[%clk 1:17:08]} 8. Be2 {[%clk 1:20:10]} Re8 {[%clk 1:04:20]} 9. Ne5
{[%clk 1:18:06]} Nxe5 {[%clk 0:58:40]} 10. Bxe5 {[%clk 1:11:25]} Bh6
{[%clk 0:49:03]} 11. O-O {[%clk 0:52:47]} Nd7 {[%clk 0:46:45]} 12. Bf4
{[%clk 0:53:04]} Bg7 {[%clk 0:46:17]} 13. Rfe1 {[%clk 0:37:38]} e5
{[%clk 0:41:28]} 14. dxe5 {[%clk 0:38:06]} Nxe5 {[%clk 0:41:40]} 15. Rad1
{[%clk 0:36:48]} Qa5 {[%clk 0:37:42]} 16. a3 {[%clk 0:21:28]} Be6
{[%clk 0:29:31]} 17. Qc1 {[%clk 0:21:03]} Rad8 {[%clk 0:18:31]} 18. Nb1
{[%clk 0:19:09]} Qc5 {[%clk 0:15:15]} 19. Nd2 {[%clk 0:18:09]} Bf5
{[%clk 0:11:00]} 20. Bxe5 {[%clk 0:12:35]} Bxe5 {[%clk 0:10:25]} 21. c3
{[%clk 0:12:49]} Bc7 {[%clk 0:09:19]} 22. Nf1 {[%clk 0:13:03]} Qe7
{[%clk 0:07:16]} 23. g4 {[%clk 0:06:22]} Be6 {[%clk 0:06:37]} 24. f4
{[%clk 0:06:32]} Qh4 {[%clk 0:06:05]} 25. Kg2 {[%clk 0:06:52]} h5
{[%clk 0:04:25]} 26. Nh2 {[%clk 0:07:06]} hxg4 {[%clk 0:04:39]} 27. Bxg4
{[%clk 0:07:01]} Bxg4 {[%clk 0:03:45]} 28. hxg4 {[%clk 0:06:30]} Re4
{[%clk 0:03:19]} 29. g5 {[%clk 0:02:47]} Kg7 {[%clk 0:03:33]} 30. Nf3
{[%clk 0:02:52]} Qg4+ {[%clk 0:03:45]} 31. Kf2 {[%clk 0:03:17]} Bb6
{[%clk 0:04:01]} 32. Re2 {[%clk 0:01:07]} Rxf4 {[%clk 0:04:04]} 0-1

[Event "Small Nations"]
[Site "?"]
[Date "2015.04.21"]
[Round "4.13"]
[White "Frick, Renato"]
[Black "Holland, Christopher"]
[Result "0-1"]
[BlackElo "2213"]
[WhiteElo "2056"]
[LiveChessVersion "1.4.5"]

1. e4 e6 2. d4 d5 3. Nc3 Bb4 4. e5 c5 5. a3 Bxc3+ 6. bxc3 Ne7 7. Qg4 Qc7 8. Qxg7
Rg8 9. Qxh7 cxd4 10. Ne2 dxc3 11. f4 Nbc6 12. Qd3 d4 13. Nxd4 Nxd4 14. Qxd4 Bd7
15. Rb1 Nf5 16. Qf2 Bc6 17. Rg1 Qd7 18. Bd3 b6 19. Rb3 O-O-O 20. Rxc3 Kb8 21. g4
Nd4 22. Rg3 Qd5 23. Bf1 Ba4 24. Bd3 Qh1+ 25. Qf1 Qd5 26. h3 Qa2 27. Qf2 Qa1 28.
Qd2 Rc8 29. Rxc8+ Rxc8 30. c4 Nb3 31. Bc2 0-1

[Event "Small Nations"]
[Site "?"]
[Date "2015.04.21"]
[Round "4.14"]
[White "Hamperl, Fred"]
[Black "Guller, Andras"]
[Result "1-0"]
[BlackElo "2003"]
[WhiteElo "2071"]
[LiveChessVersion "1.4.5"]

1. e4 {[%clk 1:30:57]} e6 {[%clk 1:30:43]} 2. d4 {[%clk 1:31:18]} d5
{[%clk 1:31:02]} 3. exd5 {[%clk 1:31:43]} exd5 {[%clk 1:31:23]} 4. c4
{[%clk 1:32:07]} Nf6 {[%clk 1:31:20]} 5. Nc3 {[%clk 1:32:02]} Be7
{[%clk 1:31:01]} 6. Bd3 {[%clk 1:32:23]} dxc4 {[%clk 1:28:25]} 7. Bxc4
{[%clk 1:31:25]} O-O {[%clk 1:28:33]} 8. Nge2 {[%clk 1:31:45]} Nc6
{[%clk 1:26:48]} 9. O-O {[%clk 1:31:16]} Bg4 {[%clk 1:20:48]} 10. f3
{[%clk 1:31:31]} Bf5 {[%clk 1:18:20]} 11. Be3 {[%clk 1:28:42]} Qd7
{[%clk 1:14:32]} 12. Qd2 {[%clk 1:13:02]} Rad8 {[%clk 1:11:52]} 13. Rad1
{[%clk 1:12:31]} Na5 {[%clk 0:53:04]} 14. Bd3 {[%clk 1:12:17]} Bxd3
{[%clk 0:53:18]} 15. Qxd3 {[%clk 1:12:42]} Nc6 {[%clk 0:53:13]} 16. Rd2
{[%clk 1:07:34]} Nb4 {[%clk 0:51:45]} 17. Qc4 {[%clk 1:04:54]} Nbd5
{[%clk 0:51:43]} 18. Bf2 {[%clk 1:03:04]} c6 {[%clk 0:50:41]} 19. Ne4
{[%clk 0:59:37]} Rfe8 {[%clk 0:48:27]} 20. N2c3 {[%clk 0:55:01]} Qc7
{[%clk 0:41:45]} 21. Re1 {[%clk 0:51:28]} Nb6 {[%clk 0:38:57]} 22. Qb3
{[%clk 0:49:48]} Nfd5 {[%clk 0:38:57]} 23. Bg3 {[%clk 0:48:42]} Qc8
{[%clk 0:38:40]} 24. Rde2 {[%clk 0:43:25]} Kf8 {[%clk 0:30:34]} 25. a4
{[%clk 0:40:43]} Nb4 {[%clk 0:23:26]} 26. Nd6 {[%clk 0:36:26]} Bxd6
{[%clk 0:20:40]} 27. Bxd6+ {[%clk 0:36:46]} Kg8 {[%clk 0:21:02]} 28. Qxb4
{[%clk 0:34:30]} 1-0

[Event "Small Nations"]
[Site "?"]
[Date "2015.04.21"]
[Round "4.15"]
[White "Jelic, Dejan"]
[Black "Kirby, Peter J"]
[Result "1-0"]
[BlackElo "1990"]
[WhiteElo "1968"]
[LiveChessVersion "1.4.5"]

1. d4 {[%clk 1:30:57]} Nf6 {[%clk 1:30:56]} 2. c4 {[%clk 1:31:24]} g6
{[%clk 1:31:10]} 3. Nc3 {[%clk 1:31:48]} d5 {[%clk 1:31:33]} 4. Bg5
{[%clk 1:30:50]} Ne4 {[%clk 1:31:25]} 5. Bh4 {[%clk 1:28:07]} Nxc3
{[%clk 1:31:21]} 6. bxc3 {[%clk 1:28:32]} dxc4 {[%clk 1:27:01]} 7. e3
{[%clk 1:28:22]} Be6 {[%clk 1:25:25]} 8. Rb1 {[%clk 1:26:13]} b6 {[%clk 1:22:23]}
9. Nf3 {[%clk 1:25:00]} Bg7 {[%clk 1:19:56]} 10. Nd2 {[%clk 1:21:17]} O-O
{[%clk 1:16:58]} 11. Qf3 {[%clk 1:18:28]} Bd5 {[%clk 1:02:42]} 12. e4
{[%clk 1:18:03]} Bb7 {[%clk 0:58:31]} 13. Bxc4 {[%clk 1:16:47]} Nd7
{[%clk 0:56:16]} 14. Qe3 {[%clk 1:08:51]} c5 {[%clk 0:54:58]} 15. e5
{[%clk 1:03:25]} cxd4 {[%clk 0:51:47]} 16. cxd4 {[%clk 1:03:44]} Kh8
{[%clk 0:47:21]} 17. O-O {[%clk 1:03:21]} Rc8 {[%clk 0:43:31]} 18. f4
{[%clk 0:56:21]} f5 {[%clk 0:40:30]} 19. Be6 {[%clk 0:50:39]} Rc2
{[%clk 0:27:30]} 20. Rfc1 {[%clk 0:49:59]} Rxc1+ {[%clk 0:22:50]} 21. Rxc1
{[%clk 0:50:23]} Nb8 {[%clk 0:22:47]} 22. Nc4 {[%clk 0:44:01]} Bd5
{[%clk 0:18:18]} 23. Bxe7 {[%clk 0:42:07]} Qxe7 {[%clk 0:18:06]} 24. Bxd5
{[%clk 0:42:32]} Rd8 {[%clk 0:17:15]} 25. Bf3 {[%clk 0:42:29]} Nd7
{[%clk 0:16:21]} 26. Qa3 {[%clk 0:36:16]} Qh4 {[%clk 0:13:59]} 27. g3
{[%clk 0:36:29]} Qh6 {[%clk 0:14:23]} 28. Nd6 {[%clk 0:36:42]} Bf8
{[%clk 0:13:12]} 29. Nf7+ {[%clk 0:32:55]} Kg7 {[%clk 0:13:41]} 30. Qb3
{[%clk 0:32:59]} 1-0

[Event "Small Nations"]
[Site "?"]
[Date "2015.04.21"]
[Round "4.17"]
[White "Klerides, Paris"]
[Black "Pace, Colin"]
[Result "0-1"]
[BlackElo "2120"]
[WhiteElo "2183"]
[LiveChessVersion "1.4.5"]

1. e4 {[%clk 1:28:34]} c5 {[%clk 1:30:49]} 2. Nf3 {[%clk 1:28:38]} e6
{[%clk 1:31:04]} 3. d4 {[%clk 1:28:59]} cxd4 {[%clk 1:31:25]} 4. Nxd4
{[%clk 1:29:27]} Nf6 {[%clk 1:31:30]} 5. Nc3 {[%clk 1:29:01]} Nc6
{[%clk 1:31:51]} 6. Ndb5 {[%clk 1:29:05]} Bc5 {[%clk 1:31:55]} 7. Bf4
{[%clk 1:28:22]} O-O {[%clk 1:31:43]} 8. Bc7 {[%clk 1:27:28]} Qe7
{[%clk 1:31:59]} 9. Bd6 {[%clk 1:27:40]} Bxd6 {[%clk 1:32:19]} 10. Qxd6
{[%clk 1:28:03]} Qd8 {[%clk 1:32:36]} 11. Nc7 {[%clk 1:27:49]} Rb8
{[%clk 1:31:13]} 12. Be2 {[%clk 1:26:46]} b5 {[%clk 1:29:45]} 13. e5
{[%clk 1:20:25]} b4 {[%clk 1:29:22]} 14. exf6 {[%clk 1:18:38]} bxc3
{[%clk 1:29:36]} 15. fxg7 {[%clk 1:16:31]} Kxg7 {[%clk 1:29:30]} 16. Qg3+
{[%clk 1:05:47]} Kh8 {[%clk 1:29:24]} 17. Qxc3+ {[%clk 1:05:40]} e5
{[%clk 1:29:45]} 18. Nd5 {[%clk 0:59:56]} Nd4 {[%clk 1:28:40]} 19. Bc4
{[%clk 0:41:55]} Bb7 {[%clk 1:18:42]} 20. O-O-O {[%clk 0:29:31]} Bxd5
{[%clk 1:05:41]} 21. Rxd4 {[%clk 0:28:30]} Bxg2 {[%clk 1:01:22]} 22. Rg1
{[%clk 0:28:30]} exd4 {[%clk 0:58:37]} 23. Qxd4+ {[%clk 0:28:57]} f6
{[%clk 0:58:47]} 24. Rxg2 {[%clk 0:29:09]} Qe7 {[%clk 0:56:03]} 25. b3
{[%clk 0:17:00]} Qe5 {[%clk 0:36:28]} 26. Qg4 {[%clk 0:06:42]} f5
{[%clk 0:29:59]} 27. Qg5 {[%clk 0:06:55]} Rbe8 {[%clk 0:25:17]} 28. Rg3
{[%clk 0:01:28]} Qa1+ {[%clk 0:19:31]} 29. Kd2 {[%clk 0:01:57]} Qd4+
{[%clk 0:19:38]} 30. Rd3 {[%clk 0:01:14]} Qxf2+ {[%clk 0:18:32]} 31. Kc1
{[%clk 0:01:03]} Qe1+ {[%clk 0:17:45]} 32. Kb2 {[%clk 0:00:54]} Qe5+
{[%clk 0:17:38]} 33. Kb1 {[%clk 0:01:02]} d6 {[%clk 0:14:26]} 34. a4
{[%clk 0:00:59]} f4 {[%clk 0:12:30]} 35. Qg4 {[%clk 0:00:56]} Qf6
{[%clk 0:08:50]} 36. Rd1 {[%clk 0:00:43]} f3 {[%clk 0:08:03]} 37. Bd3
{[%clk 0:00:41]} f2 {[%clk 0:06:30]} 38. Ka2 {[%clk 0:00:31]} Re1
{[%clk 0:05:41]} 39. Qh3 {[%clk 0:00:51]} Qf7 {[%clk 0:03:53]} 40. Bc4
{[%clk 0:00:45]} f1=Q {[%clk 0:00:51]} 41. Qc3+ {[%clk 0:00:31]} Q7f6
{[%clk 0:00:46]} 0-1

[Event "Small Nations"]
[Site "?"]
[Date "2015.04.21"]
[Round "4.18"]
[White "Cilia Vincenti, David"]
[Black "Constantinou, Pavlos"]
[Result "1/2-1/2"]
[WhiteElo "2078"]
[BlackElo "2057"]
[PlyCount "134"]
[EventDate "2015.??.??"]
[TimeControl "6000+880"]
[WhiteClock "0:08:26"]
[BlackClock "0:03:52"]

1. d4 Nf6 2. c4 e6 3. Nc3 Bb4 4. e3 b6 5. Nge2 Bb7 6. a3 Be7 7. d5 d6 8. Ng3
O-O 9. e4 Re8 10. Bd3 Bf8 11. O-O Nbd7 12. Bg5 h6 13. Be3 Nc5 14. Bc2 a5 15. b3
g6 16. Re1 Bg7 17. Bd4 e5 18. Be3 Kh7 19. f3 Qe7 20. Qd2 Ng8 21. Rab1 h5 22. b4
axb4 23. axb4 Nd7 24. Ba4 Bh6 25. Bxh6 Nxh6 26. c5 bxc5 27. bxc5 Ba6 28. cxd6
cxd6 29. Bc6 Rab8 30. Ra1 Nc5 31. Bxe8 Rxe8 32. Reb1 h4 33. Nge2 h3 34. g3 Rd8
35. Qe3 Rd7 36. Rb6 Bxe2 37. Nxe2 Rb7 38. Rxb7 Qxb7 39. Kf2 Qb6 40. Kg1 Qb2 41.
Rd1 Qc2 42. Qd2 Qb3 43. Nc3 Kg7 44. g4 f6 45. Kf2 Nxg4+ 46. fxg4 Qxc3 47. Qxc3
Nxe4+ 48. Ke3 Nxc3 49. Rd3 Nb5 50. Ke4 Kh6 51. Rxh3+ Kg5 52. Rg3 Nd4 53. h3 Kh4
54. Ra3 f5+ 55. gxf5 gxf5+ 56. Kd3 f4 57. Ra6 Nf5 58. Ke4 Ng3+ 59. Kf3 Nf5 60.
Ra8 Kxh3 61. Rh8+ Nh4+ 62. Ke4 f3 63. Ke3 Kg4 64. Rg8+ Kf5 65. Rd8 Kg4 66. Rg8+
Kf5 67. Rd8 Kg4 1/2-1/2